1256 1454 1210 1528 1105 1833 1736 1476 1601 1768 1860 1152 1771 1550 1776 1658 1617 1584 1773 1190 1917 1577 1471 1621 1753 1349 1145 1136 1689 1424 1437 1496 1194 1883 1192 1845 1096 1762 1474 1640 1772 1841 1491 1833 1662 1644 1339 1154 1219 1500 1111 1521 1766 1776 1666 1468 1405 1354 1284 1075 1444 1046 1859 1316 1238 1490 1160 1557 1293 1166 1748 1396 1942 1047 1937 1172 1842 1164 1419 1779 1297 1007 1279 1384 1897 1531 1183 1796 1677 1350 1968 1995 1741 1509 1639 1818 1556 1394 1390 BCNSPRNW ULIB Ver.6.0+V

เปลี่ยนเป็นภาษาไทย

Change to English
 แสดงรายละเอียดบรรณานุกรม
  กลับหน้าหลัก

Brief Record : Get Marc (ISO 2709) : E-mail record : QR code < ปิดหน้าต่าง
LEADER : 00000nam 2200000uu 4500
001    13399108944
003     ULIB
008    110317s2545||||th 000 0 tha d
020    9742311838
060  4 WA20.5^bอ511ก 2545
100 0  อัญชนา ณระนอง
110 1  สถาบันบัณฑิตพัฒนบริหารศาสตร์^bคณะรัฐปศาสนศาสตร์
245 00 การออกแบบสอบถามการพัฒฯแบบสำรวจสุขภาพอนามัยของประชากรกลุ่มยากจนในเมืองและในชนบท/^cอัญชนา ณระนอง
250    พิมพ์ครั้งที่ 2
260    กรุงเทพฯ:^bสถาบันบัณฑิตพัฒนบริหารศาสตร์,^c2545
300    271 หน้า
650  7 การออกแบบสอบถาม
650  7 แบบสำรวจสุขอนามัย
945    ^p300^l0^i015383
945    ^p300^l0^i015381
945    ^p300^l0^i015382
995    ทศพร
999 ^a ใช้งานได้ทุกระบบ
รายการนี้ยังไม่มีแท็ก
คุณยังไม่ได้ล็อกอิน คุณสามารถมีกิจกรรมร่วมกับเว็บไซต์ได้ แต่ต้องล็อกอินก่อน ::
  ล็อกอิน

รายการสื่อสารสนเทศ

ลำดับที่ ประเภท เลขเรียก/บาร์โค้ด สถานที่ สถานะ
- ไม่พบข้อมูล -

BibComment


ยังไม่เคยถูกคอมเมนท์

คอมเมนท์ทรัพยากรรายการนี้
  คอมเมนท์: การออกแบบสอบถามกา..


 Copyright 2026. Bcnsprnw @Library